000 00844nam a2200217Ia 4500
003 GCL
008 140319s9999 xx 000 0 ara d
040 _aGCL /
_cGCL
082 0 4 _a305.42
_bل ر
100 1 _aجمال الدين عطية
245 1 0 _aرؤية نقدية لاتفاقية القضاء على جميع اشكال التمييز ضد المرأة CEDAW /
_cجمال الدين عطية
250 _aالاولى
260 _a[S.N] :
_bالامم المتحدة ،
_c1988
300 _aمتعدد ؛
_c19سم
490 _aاللجنة الاسلامية العالمية للمرأة والطفل
_v0
650 0 4 _aالمرأة فى الحياة العامة
650 0 4 _aحقوق المرأة
650 0 4 _aالمرأة - رعاية اجتماعية
650 0 4 _aالمرأة فى الاسلام
942 _2ddc
_cBK
999 _c7669
_d7669